La cantidad humana (Registro nro. 5819)
[ vista simple ]
| 000 -LEADER | |
|---|---|
| fixed length control field | 01103 a2200205 4500 |
| 001 - CONTROL NUMBER | |
| control field | 54891 |
| 005 - DATE AND TIME OF LATEST TRANSACTION | |
| control field | 20260407155824.0 |
| 008 - FIXED-LENGTH DATA ELEMENTS--GENERAL INFORMATION | |
| fixed length control field | 260407a1967 arg spa d |
| 003 - CONTROL NUMBER IDENTIFIER | |
| control field | AR-UNSa-BCEJYS |
| 040 ## - CATALOGING SOURCE | |
| Original cataloging agency | AR-UNSa-BCEJYS |
| Language of cataloging | spa |
| Transcribing agency | AR-UNSa-BCEJYS |
| 080 ## - UNIVERSAL DECIMAL CLASSIFICATION NUMBER | |
| Universal Decimal Classification number | 314 |
| Common auxiliary subdivision | Demografía. Estudios de población |
| 100 1# - MAIN ENTRY--PERSONAL NAME | |
| Personal name | Idiart, Pierre |
| 245 10 - TITLE STATEMENT | |
| Title | La cantidad humana |
| 264 #1 - PRODUCTION, PUBLICATION, DISTRIBUTION, MANUFACTURE, AND COPYRIGHT NOTICE | |
| Place of production, publication, distribution, manufacture | Barcelona : |
| Name of producer, publisher, distributor, manufacturer | Labor |
| Date of production, publication, distribution, manufacture, or copyright notice | 1967 |
| 300 ## - PHYSICAL DESCRIPTION | |
| Extent | 206 p. |
| Dimensions | 19 cm. |
| 505 ## - FORMATTED CONTENTS NOTE | |
| Formatted contents note | Primera parte: La humanidad obrera - 1. La transformación de los problemas de subsistencia - 2. La transformación de los problemas de seguridad - 3. La transformación de los problemas de promoción - Segunda parte: La cantidad humana - 1. La cantidad humana industrial - 2. La cantidad humana urbana - 3. La cantidad humana crítica - Tercera parte: El porvenir humano - 1. La historia y los mitos - 2. El sentido de la historia y la metafísica - 3. La historia y los valores - 4. El sentido de la historia y la crítica - 5. La historia y la libertad |
| 590 ## - LOCAL NOTE (RLIN) | |
| Local note | niveau_biblio:m niveau_hierar:0 |
| 700 1# - ADDED ENTRY--PERSONAL NAME | |
| Personal name | Gutierrez, Fernando |
| 942 ## - ADDED ENTRY ELEMENTS (KOHA) | |
| Koha item type | |
| Withdrawn status | Lost status | Damaged status | Not for loan | Home library | Current library | Shelving location | Date acquired | Total checkouts | Full call number | Barcode | Date last seen | Price effective from | Koha item type |
|---|---|---|---|---|---|---|---|---|---|---|---|---|---|
| Biblioteca Prof. Eusebio Cleto del Rey | Biblioteca Prof. Eusebio Cleto del Rey | 07/04/2026 | 314 I18 | L21863 | 07/04/2026 | 07/04/2026 | Libro | ||||||
| Biblioteca Prof. Eusebio Cleto del Rey | Biblioteca Prof. Eusebio Cleto del Rey | 07/04/2026 | 314 I18 | L21864 | 07/04/2026 | 07/04/2026 | Libro |